| 000 | 00914cam a22002775a 4500 | ||
|---|---|---|---|
| 001 | 16623962 | ||
| 005 | 20150531113104.0 | ||
| 008 | 110125t2011 enka frbd f001 0 eng d | ||
| 020 | _a9780199533930 | ||
| 040 |
_aNLM _beng _cNLM _dQCL _dCDX _dYDXCP _dGZW _dUPM _dDLC _dEG-ScBUE |
||
| 082 | 0 | 4 |
_a612.015 _bCLI _222 |
| 245 | 0 | 0 |
_aClinical biochemistry / _cedited by Nessar Ahmed. |
| 260 |
_aOxford ; _aNew York : _bOxford University Press, _cc.2011. |
||
| 300 |
_axxv, 714 p. : _bill. (col.) ; _c25 cm. |
||
| 490 | 0 | _aFundamentals of biomedical science | |
| 500 | _aIndex : p. 693-714. | ||
| 500 | _aGlossary : p. 669-691. | ||
| 504 | _aIncludes bibliographical references. | ||
| 650 | 0 |
_aBiochemistry. _2BUEsh |
|
| 650 | 2 | 2 |
_aChemistry, Clinical _xmethods. _2BUEsh |
| 651 | _2BUEsh | ||
| 653 |
_bPPhrm _cMay2015 |
||
| 655 |
_vreading book _934232 |
||
| 700 | 1 |
_aAhmed, Nessar, _eeditor. |
|
| 942 |
_2ddc _k612.015 CLI |
||
| 999 |
_c19471 _d19443 |
||